Trenerzy piłki nożnej na literę V - Statystyki

Ogólne statystyki
  • Ten quiz został rozwiązany 14 razy
  • Średni wynik to 3 z 10
Statystyki odpowiedzi
Prowadzone zespoły Odpowiedź % Poprawnych
Athletic Bilbao 2003-2005 2013-2017 2022- Espanyol Barcelona 2006-2008 FC Barcelona 2017-2020 Ernesto Valverde
77%
Niemcy 2000-2004 Rudi Voller
54%
FC Porto 2010-2011 Chelsea 2011-2012 Tottenham 2012-2013 Zenit Petersburg 2014-2016 Andre Villas-Boas
46%
Niemcy 1990-1998 Berti Vogts
23%
Dukla Praga 1960-1965 1969-1973 1975-1980 Legia Warszawa 1966-1969 1973-1975 Jaroslav Vejvoda
23%
Slovan Bratysława 1968-1971 1976-1977 1982-1983 Ruch Chorzów 1971-1976 Michal Vican
23%
Włochy 1966-1974 Ferruccio Valcareggi
15%
FC Barcelona 1984-1987 Tottenham 1987-1991 Anglia 1994-1996 Terry Venables
15%
Włochy 1986-1991 Azeglio Vicini
8%
Slovan Bratysława 1973-1976 Czechosłowacja 1978-1982 1988-1990 Fenerbahce 1991-1993 Słowacja 1993-1995 Jozef Venglos
8%
Nie znaleziono quizów pasujących do podanych kryteriów
Rozkład punktacji
Procent ludzi z każdym wynikiem
Percentyl według liczby udzielonych odpowiedzi
Twoja historia wyników
Nie rozwiązałeś tego quizu